000
00294nam a22001217a 4500
020
_a
9780415652353
082
_a
302.540
100
_a
Debra J. Peoler
245
_a
The development and treatment of girlhood agression
260
_a
New york
_b
Psychology press
300
_a
307p
942
_c
BK
999
_c
3031
_d
3031